[Event "Budapest-chT1 Lilienthal 1718"]
[Site "Budapest"]
[Date "2017.11.19"]
[Round "4"]
[White "Szabo, Emese"]
[Black "Gyimesi, Peter"]
[Result "0-1"]
[WhiteElo "1163"]
[BlackElo "1876"]
[PlyCount "64"]
[EventDate "2017.10.01"]
[EventType "team-tourn"]
[EventRounds "13"]
[EventCountry "HUN"]
[SourceTitle "EXT 2021"]
[Source "ChessBase"]
[SourceDate "2020.10.23"]
[SourceVersion "1"]
[SourceVersionDate "2020.10.23"]
[SourceQuality "1"]
[WhiteTeam "Palota Sakk"]
[BlackTeam "Budapest EAC II"]
[WhiteTeamCountry "HUN"]
[BlackTeamCountry "HUN"]

1. d4 d5 2. c4 c6 3. Nc3 Nf6 4. Nf3 a6 5. Bg5 Ne4 6. Bd2 Nxc3 7. Bxc3 Bf5 8. Qb3 Ra7 9. a4 dxc4 10. Qxc4 e6 11. e3 Be7 12. Bd3 b5 13. Qb3 Bxd3 14. axb5 Bxb5 15. Ba5 Qd5 16. Qc2 0-0 17. h4 Qc4 18. Qd2 Rb7 19. Rc1 Qd3 20. Qxd3 Bxd3 21. Kd2 Be4 22. Ne5 Rxb2+ 23. Ke1 f6 24. Ng4 Nd7 25. f3 Bd3 26. Nf2 Re2+ 27. Kd1 Rxf2 28. Rxc6 Re8 29. Rc1 Ba3 30. Ra1 Bb2 31. Ke1 Re2+ 32. Kf1 Bxa1 0-1

[Event "HUN-chT U18"]
[Site "Budapest"]
[Date "2015.08.28"]
[Round "5.31"]
[White "Nagybiro, Laszlo"]
[Black "Gyimesi, Peter"]
[Result "1-0"]
[WhiteElo "2029"]
[BlackElo "1937"]
[PlyCount "75"]
[EventDate "2015.08.26"]
[EventType "team-swiss"]
[EventRounds "8"]
[EventCountry "HUN"]
[SourceTitle "EXT 2016"]
[Source "ChessBase"]
[SourceDate "2015.10.08"]
[SourceVersion "1"]
[SourceVersionDate "2015.10.08"]
[SourceQuality "1"]

1. e4 c5 2. c3 Nf6 3. e5 Nd5 4. Nf3 Nc6 5. d4 d6 6. Bc4 e6 7. 0-0 Be7 8. Na3 a6 9. Nc2 0-0 10. a4 Rb8 11. Bd3 b5 12. exd6 Qxd6 13. axb5 axb5 14. Re1 Bf6 15. Ng5 Bxg5 16. Bxg5 cxd4 17. cxd4 Ncb4 18. Nxb4 Nxb4 19. Bb1 Bb7 20. Qh5 f5 21. Qh4 Qd5 22. Qg3 Qxd4 23. Be7 Rfe8 24. Bd6 Rbd8 25. Be5 Qd7 26. Bf6 Ra8 27. Rxa8 Bxa8 28. Bxf5 Bd5 29. Bc3 Nc6 30. Bc2 Rf8 31. Qd3 g6 32. Qxb5 Rf4 33. Bb3 Qa7 34. Bxd5 Qxf2+ 35. Kh1 exd5 36. Qxd5+ Kf8 37. Qd6+ Kf7 38. Qe6+ 1-0

[Event "HUN-ch U14"]
[Site "Balatonlelle"]
[Date "2015.06.22"]
[Round "7"]
[White "Gyimesi, Peter"]
[Black "Bege, Mate"]
[Result "1-0"]
[WhiteElo "1819"]
[BlackElo "1999"]
[PlyCount "85"]
[EventDate "2015.06.18"]
[EventType "swiss"]
[EventRounds "9"]
[EventCountry "HUN"]
[SourceTitle "CBM 167 Extra"]
[Source "ChessBase"]
[SourceDate "2015.09.14"]
[SourceVersion "1"]
[SourceVersionDate "2015.09.14"]
[SourceQuality "1"]

1. e4 c5 2. Nf3 d6 3. d4 cxd4 4. Nxd4 Nf6 5. Nc3 Nc6 6. Bg5 Bd7 7. Qd2 Qa5 8. Bxf6 gxf6 9. 0-0-0 Nxd4 10. Qxd4 Rc8 11. Kb1 Qc5 12. Qd2 Bg7 13. Nd5 f5 14. Bd3 h6 15. Rhe1 e6 16. Nf4 Qb6 17. c4 fxe4 18. Rxe4 Rc5 19. g4 Bc6 20. Ree1 d5 21. Nh5 Bd4 22. Rxe6+ fxe6 23. Bg6+ Kd7 24. Qxd4 Rd8 25. Bf7 Ba4 26. Rc1 Rxc4 27. Rxc4 Bc6 28. Qxb6 axb6 29. Rc2 Rf8 30. Bg6 e5 31. Bf5+ Kd6 32. Kc1 e4 33. Kd2 Ke5 34. Ke2 d4 35. Rd2 Bb5+ 36. Kd1 e3 37. fxe3 dxe3 38. Rc2 Rd8+ 39. Ke1 Kd4 40. Nf4 Ra8 41. a3 h5 42. Nxh5 Ba4 43. Rc3 1-0

[Event "HUN-ch U14"]
[Site "Balatonlelle"]
[Date "2015.06.18"]
[Round "1"]
[White "Zlotov, Viktor"]
[Black "Gyimesi, Peter"]
[Result "0-1"]
[WhiteElo "1333"]
[BlackElo "1819"]
[PlyCount "60"]
[EventDate "2015.06.18"]
[EventType "swiss"]
[EventRounds "9"]
[EventCountry "HUN"]
[SourceTitle "CBM 167 Extra"]
[Source "ChessBase"]
[SourceDate "2015.09.14"]
[SourceVersion "1"]
[SourceVersionDate "2015.09.14"]
[SourceQuality "1"]

1. e4 c5 2. Nf3 e6 3. d4 cxd4 4. Nxd4 Nc6 5. Nc3 Qc7 6. Be3 a6 7. Bc4 Nf6 8. Bb3 Bb4 9. f3 0-0 10. Nde2 b5 11. Qd2 Bb7 12. 0-0-0 Rac8 13. Kb1 Rfd8 14. Bg5 Be7 15. h3 Na5 16. f4 Nxb3 17. axb3 b4 18. Na2 Nxe4 19. Qd3 Bxg5 20. fxg5 Nf2 21. Qd2 Nxh1 22. Rxh1 a5 23. Nd4 Be4 24. Rc1 d5 25. g4 Rd7 26. h4 Qd8 27. h5 e5 28. Nf5 Rdc7 29. g6 Rxc2 30. gxf7+ Kxf7 0-1

[Event "HUN-ch U14"]
[Site "Balatonlelle"]
[Date "2014.06.25"]
[Round "6"]
[White "Gyimesi, Peter"]
[Black "Bakos, Viktor"]
[Result "1-0"]
[WhiteElo "1741"]
[BlackElo "1643"]
[PlyCount "43"]
[EventDate "2014.06.20"]
[EventType "swiss"]
[EventRounds "9"]
[EventCountry "HUN"]
[SourceTitle "EXT 2024"]
[Source "ChessBase"]
[SourceDate "2023.10.10"]
[SourceVersion "1"]
[SourceVersionDate "2023.10.10"]
[SourceQuality "1"]

1. e4 e5 2. Nf3 Nc6 3. Bc4 Bc5 4. c3 Nf6 5. d3 h6 6. Nbd2 d6 7. Bb3 0-0 8. h3 Qe7 9. Nf1 Bb6 10. g4 Nh7 11. Ng3 Na5 12. Bc2 Nc6 13. Nf5 Qf6 14. Rg1 g5 15. h4 Ne7 16. Bb3 a5 17. hxg5 hxg5 18. Rh1 Bxf5 19. gxf5 d5 20. Nxg5 Nxg5 21. Qh5 Nf3+ 22. Qxf3 1-0

[Event "Budapest op 3rd"]
[Site "Budapest"]
[Date "2013.08.24"]
[Round "8"]
[White "Gyimesi, Peter"]
[Black "Balla, Attila"]
[Result "0-1"]
[WhiteElo "1646"]
[BlackElo "1813"]
[PlyCount "74"]
[EventDate "2013.08.17"]
[EventType "swiss"]
[EventRounds "9"]
[EventCountry "HUN"]
[SourceTitle "CBM 156 Extra"]
[Source "ChessBase"]
[SourceDate "2013.10.22"]
[SourceVersion "1"]
[SourceVersionDate "2013.10.22"]
[SourceQuality "1"]

1. e4 d6 2. d4 Nd7 3. Nf3 g6 4. Bc4 e6 5. Bg5 Be7 6. Bxe7 Qxe7 7. 0-0 e5 8. Nc3 Ngf6 9. Nb5 Nb6 10. Bb3 Nxe4 11. dxe5 dxe5 12. Re1 f5 13. a4 a6 14. Nc3 Nxc3 15. bxc3 e4 16. Nd2 Bd7 17. f3 Qc5+ 18. Kh1 e3 19. f4 0-0-0 20. Nf3 Nxa4 21. Ne5 Nxc3 22. Qf3 Rhe8 23. Rxa6 Kb8 24. Rf6 Ne4 25. Rf7 Bc6 26. Nxc6+ Qxc6 27. Rxh7 Qc3 28. Qe2 Rd2 29. Qb5 Red8 30. h3 Rd1 31. Rxd1 Rxd1+ 32. Kh2 Nd6 33. Qe2 Rd2 34. Qf3 Ne4 35. Re7 Rf2 36. Qd1 e2 37. Re8+ Ka7 0-1

[Event "Budapest op 3rd"]
[Site "Budapest"]
[Date "2013.08.22"]
[Round "6"]
[White "Gyimesi, Peter"]
[Black "Yip, Michael"]
[Result "0-1"]
[WhiteElo "1646"]
[BlackElo "2023"]
[PlyCount "52"]
[EventDate "2013.08.17"]
[EventType "swiss"]
[EventRounds "9"]
[EventCountry "HUN"]
[SourceTitle "CBM 156 Extra"]
[Source "ChessBase"]
[SourceDate "2013.10.22"]
[SourceVersion "1"]
[SourceVersionDate "2013.10.22"]
[SourceQuality "1"]

1. e4 c5 2. Nf3 e6 3. d4 cxd4 4. Nxd4 a6 5. Be3 Qc7 6. Bd3 Nf6 7. 0-0 Nc6 8. Nxc6 Qxc6 9. e5 Ng8 10. Nd2 d5 11. exd6 Bxd6 12. Nc4 Bc7 13. Qg4 Ne7 14. Rad1 0-0 15. Bh6 Ng6 16. Bxg6 fxg6 17. Be3 e5 18. Qe2 Be6 19. Nd2 Rac8 20. Nb3 Bc4 21. Qg4 Bxf1 22. Kxf1 Bb6 23. Bxb6 Qxb6 24. Qg3 Rxc2 25. f3 Rxb2 26. Rd7 Qb5+ 0-1

[Event "Budapest op 3rd"]
[Site "Budapest"]
[Date "2013.08.20"]
[Round "4"]
[White "Gyimesi, Peter"]
[Black "Danffy, Abel"]
[Result "1-0"]
[WhiteElo "1646"]
[BlackElo "1380"]
[PlyCount "65"]
[EventDate "2013.08.17"]
[EventType "swiss"]
[EventRounds "9"]
[EventCountry "HUN"]
[SourceTitle "CBM 156 Extra"]
[Source "ChessBase"]
[SourceDate "2013.10.22"]
[SourceVersion "1"]
[SourceVersionDate "2013.10.22"]
[SourceQuality "1"]

1. e4 e5 2. Nf3 Nc6 3. Bc4 Nf6 4. Ng5 d5 5. exd5 Nxd5 6. Nxf7 Kxf7 7. Qf3+ Ke8 8. Qxd5 Qxd5 9. Bxd5 Nd4 10. Bb3 Bf5 11. d3 e4 12. dxe4 Bxe4 13. c3 Bxg2 14. cxd4 Bxh1 15. Bf4 Bb4+ 16. Nc3 Kd7 17. Be5 Rhe8 18. 0-0-0 g6 19. Rxh1 Rad8 20. Nd5 Kc8 21. Nxb4 Kb8 22. Kb1 Rf8 23. f4 a5 24. Nd5 Rde8 25. Rc1 Rc8 26. Nxc7 h5 27. Ne6+ Ka8 28. Nxf8 Rxf8 29. Bd5 Rd8 30. Bh1 Re8 31. Rc7 Rb8 32. Rc5 h4 33. Rxa5# 1-0

[Event "Budapest op 3rd"]
[Site "Budapest"]
[Date "2013.08.17"]
[Round "1"]
[White "Ritter, Gabor"]
[Black "Gyimesi, Peter"]
[Result "1-0"]
[WhiteElo "2108"]
[BlackElo "1646"]
[PlyCount "139"]
[EventDate "2013.08.17"]
[EventType "swiss"]
[EventRounds "9"]
[EventCountry "HUN"]
[SourceTitle "CBM 156 Extra"]
[Source "ChessBase"]
[SourceDate "2013.10.22"]
[SourceVersion "1"]
[SourceVersionDate "2013.10.22"]
[SourceQuality "1"]

1. g3 g6 2. Bg2 Bg7 3. Nf3 d6 4. d4 e6 5. 0-0 Ne7 6. Re1 0-0 7. e4 c5 8. c3 Nbc6 9. dxc5 dxc5 10. Qc2 b6 11. Be3 Bb7 12. Nbd2 Qc7 13. a4 Rfd8 14. Nc4 Ba6 15. Bf1 Rd7 16. Rad1 Rad8 17. a5 b5 18. Na3 Rxd1 19. Rxd1 Rxd1 20. Qxd1 b4 21. Bxa6 bxa3 22. Bxc5 Qxa5 23. Bxe7 a2 24. Ba3 Qxa6 25. Ne1 Bxc3 26. Nc2 Nb4 27. bxc3 a1Q 28. Nxa1 Qxa3 29. cxb4 Qxb4 30. f3 Qb6+ 31. Kg2 Qc7 32. Qc2 Qd7 33. Nb3 Qa4 34. Qc8+ Kg7 35. Qc3+ Kg8 36. Qd3 Qa2+ 37. Kh3 Kg7 38. Nc5 Qf2 39. Nd7 Qg1 40. Ne5 Kf6 41. Nc6 Qf2 42. Qd4+ Qxd4 43. Nxd4 a5 44. f4 a4 45. e5+ Ke7 46. Kg2 a3 47. Kf3 f6 48. Ke4 g5 49. fxg5 fxg5 50. Nc6+ Kd7 51. Nb4 Kc7 52. Kd4 Kb6 53. Kc4 g4 54. Na2 Kc6 55. Nc3 h6 56. Na2 Kb6 57. Nb4 h5 58. Na2 Ka5 59. Kc3 Ka4 60. Nc1 Ka5 61. Kc4 Ka4 62. Kc3 Kb5 63. Nd3 a2 64. Kb2 Kc4 65. Nf4 Kd4 66. Nxe6+ Kxe5 67. Ng7 h4 68. gxh4 Kf6 69. Nh5+ Kg6 70. Ng3 1-0

[Event "HUN-chT U18"]
[Site "Budapest"]
[Date "2012.10.28"]
[Round "3.4"]
[White "Kovacsy, Barnabas"]
[Black "Gyimesi, Peter"]
[Result "1-0"]
[WhiteElo "1492"]
[BlackElo "1594"]
[PlyCount "63"]
[EventDate "2012.10.28"]
[EventType "team-swiss"]
[EventRounds "8"]
[EventCountry "HUN"]
[SourceTitle "EXT 2020"]
[Source "ChessBase"]
[SourceDate "2019.10.17"]
[SourceVersion "1"]
[SourceVersionDate "2019.10.17"]
[SourceQuality "1"]

1. e4 c5 2. Nf3 e6 3. d4 cxd4 4. Nxd4 Nf6 5. Nc3 Nc6 6. Be2 Bb4 7. f3 0-0 8. Bg5 Qa5 9. Bxf6 Bxc3+ 10. bxc3 Qxc3+ 11. Kf1 gxf6 12. Nb5 Qc5 13. Qd6 b6 14. Qxc5 bxc5 15. Nd6 Rb8 16. Bd3 Nb4 17. Rb1 Ba6 18. Bxa6 Nxa6 19. Ke2 Rb6 20. Nc4 Rb4 21. Rxb4 Nxb4 22. c3 Nc6 23. Rd1 Rd8 24. Nd6 Rb8 25. Nc4 Rb7 26. Rd2 Kf8 27. Nd6 Rb8 28. Ke3 Ke7 29. f4 a6 30. g4 e5 31. Nf5+ Ke6 32. Rd6# 1-0

[Event "HUN-chT U18"]
[Site "Miskolc"]
[Date "2011.11.04"]
[Round "4.3"]
[White "Gyimesi, Peter"]
[Black "Szukics, Adam"]
[Result "1/2-1/2"]
[WhiteElo "1505"]
[BlackElo "1646"]
[PlyCount "52"]
[EventDate "2011.11.02"]
[EventType "team-swiss"]
[EventRounds "8"]
[EventCountry "HUN"]
[SourceTitle "EXT 2012"]
[Source "ChessBase"]
[SourceDate "2011.11.24"]
[SourceVersion "1"]
[SourceVersionDate "2011.11.24"]
[SourceQuality "1"]
[WhiteTeam "Barcza II"]
[BlackTeam "Haladas II"]
[WhiteTeamCountry "HUN"]
[BlackTeamCountry "HUN"]

1. e4 e5 2. Nc3 Nc6 3. Bc4 Nf6 4. d3 Na5 5. Bb3 Nxb3 6. axb3 d5 7. Bg5 d4 8. Nd5 Be7 9. Nxe7 Qxe7 10. Nf3 h6 11. Bh4 Bg4 12. h3 Bh5 13. g4 Bg6 14. Ra5 c5 15. Bxf6 gxf6 16. Nh4 b6 17. Ra1 0-0-0 18. Nf3 h5 19. Nd2 Qd7 20. f3 Rh7 21. Kf2 Rdh8 22. Kg2 Kb8 23. Qe2 Rg8 24. Kf2 Rgh8 25. Kg2 Rg8 26. Kf2 Rgh8 1/2-1/2

[Event "HUN-ch U10"]
[Site "Budapest"]
[Date "2010.06.27"]
[Round "2"]
[White "Gyimesi, Peter"]
[Black "Marosi, Levente"]
[Result "1/2-1/2"]
[WhiteElo "1500"]
[BlackElo "1702"]
[PlyCount "78"]
[EventDate "2010.06.26"]
[EventType "swiss"]
[EventRounds "9"]
[EventCountry "HUN"]
[SourceTitle "CBM 137 Extra"]
[Source "ChessBase"]
[SourceDate "2010.09.01"]
[SourceVersion "1"]
[SourceVersionDate "2010.09.01"]
[SourceQuality "1"]

1. e4 c5 2. Nf3 Nc6 3. d4 cxd4 4. Nxd4 d5 5. Bb5 dxe4 6. Nxc6 Qxd1+ 7. Kxd1 a6 8. Na7+ axb5 9. Nxb5 Bg4+ 10. Ke1 0-0-0 11. N1c3 e5 12. h3 Bh5 13. g4 Bg6 14. Be3 Bb4 15. Ke2 Ne7 16. Rad1 h6 17. Bb6 Bxc3 18. Bxd8 Rxd8 19. Rxd8+ Kxd8 20. Nxc3 Kc8 21. Ke3 f5 22. Rd1 f4+ 23. Ke2 Nc6 24. Rd6 Bh7 25. a3 Nd4+ 26. Kd2 Nf3+ 27. Kd1 Ng1 28. h4 Nf3 29. Re6 e3 30. fxe3 fxe3 31. Re7 Nd4 32. Rxg7 Bxc2+ 33. Ke1 Bd3 34. h5 e2 35. Nxe2 Bxe2 36. g5 hxg5 37. h6 Bd3 38. h7 Bxh7 39. Rxh7 Nf3+ 1/2-1/2

[Event "HUN-ch U10"]
[Site "Budapest"]
[Date "2010.06.26"]
[Round "1"]
[White "Molnar, Attila"]
[Black "Gyimesi, Peter"]
[Result "0-1"]
[WhiteElo "2084"]
[BlackElo "1500"]
[PlyCount "72"]
[EventDate "2010.06.26"]
[EventType "swiss"]
[EventRounds "9"]
[EventCountry "HUN"]
[SourceTitle "CBM 137 Extra"]
[Source "ChessBase"]
[SourceDate "2010.09.01"]
[SourceVersion "1"]
[SourceVersionDate "2010.09.01"]
[SourceQuality "1"]

1. d4 Nf6 2. Nf3 d5 3. Nc3 Nc6 4. e3 Bg4 5. Bd2 e6 6. h3 Bh5 7. Be2 Bd6 8. 0-0 0-0 9. Bd3 h6 10. Re1 e5 11. dxe5 Nxe5 12. Nxe5 Bxd1 13. Rexd1 Bxe5 14. e4 Bxc3 15. Bxc3 c6 16. Re1 dxe4 17. Bxe4 Nxe4 18. Rxe4 Qd5 19. Rg4 g5 20. h4 f5 21. Rd4 Qf7 22. hxg5 hxg5 23. Rad1 Qe7 24. Rd7 Rf7 25. Rxe7 Rxe7 26. Bf6 Re2 27. c3 Rae8 28. Kf1 Rxb2 29. Bxg5 Ree2 30. Rd8+ Kf7 31. Rd1 Rxf2+ 32. Kg1 Rxg2+ 33. Kh1 Rxg5 34. Rd7+ Kf6 35. Rd1 Rgg2 36. Rf1 Rh2+ 0-1